Missing Word: Films Set in Restaurants Quiz Stats

 Plays Quiz not verified by Sporcle

Score 0/16 Timer 04:00
1 Play Today
Title Missing Word % Correct
____ ReservationsNo
62.1%
My Dinner with ____Andre
48.8%
Today's ____Special
44.2%
The ____ or the ThighWing
43.4%
Jiro Dreams of ____Sushi
39.1%
Tortilla ____Soup
36%
The Hundred-Foot ____Journey
34.8%
____ Waiting...Still
28.2%
Title Missing Word % Correct
____ NightBig
21.6%
The Slammin' ____Salmon
16.9%
Spinning ____Plates
16.4%
Le ____Chef
16%
Love's ____Kitchen
12.7%
____ KitchenSoul
8.7%
____ MarthaMostly
8.3%
Dinner ____Rush
6%

You're not logged in!

Compare scores with friends on all Sporcle quizzes.
OR
Log In

You Might Also Like...

Show Comments

Extras

Top Quizzes Today


Score Distribution

Your Account Isn't Verified!

In order to create a playlist on Sporcle, you need to verify the email address you used during registration. Go to your Sporcle Settings to finish the process.

Report this User

Report this user for behavior that violates our Community Guidelines.

Details: